Obálka
Pro půjčování e-knih musíte být přihlášeni.
Jak si půjčit online?

Emilka : život lidem nakládá, kolik unesou : román /

Román o opravdové lidskosti, o kráse čirého dobra a o duších obyčejných lidí, jejichž příběhy známe i ze svého vlastního okolí.

Uloženo v:
Hlavní autor: Fajnorová, Ivana, 1967- (Autor)
Médium: E-audiokniha
Jazyk:Czech
Vydáno: V Brně : Jota, 2022
Vydání:První vydání
Témata:
Tagy:
Žádné tagy
LEADER 04100cam a2200877 i 4500
001 297615
003 CZ PrSKC
005 20260417063130.0
007 ta
008 221004s2022 xr g 000 f cze d
015 |a cnb003457834 
020 |a 9788076890008  |q (vázáno) 
035 |a (OCoLC)1354196477 
040 |a CBA001  |b cze  |d ABG001  |d ABA001  |e rda 
072 7 |a 821.162.3-3  |x Česká próza  |2 Konspekt 
080 |a 821.162.3-31  |2 MRF 
080 |a (0:82-31)  |2 MRF 
100 1 |a Fajnorová, Ivana,  |d 1967-  |7 xx0219072  |4 aut 
245 1 0 |a Emilka :  |b život lidem nakládá, kolik unesou : román /  |c Ivana Fajnorová 
250 |a První vydání 
264 1 |a V Brně :  |b Jota,  |c 2022 
300 |a 388 stran ;  |c 22 cm 
336 |a text  |b txt  |2 rdacontent 
337 |a bez média  |b n  |2 rdamedia 
338 |a svazek  |b nc  |2 rdacarrier 
520 2 |a Román o opravdové lidskosti, o kráse čirého dobra a o duších obyčejných lidí, jejichž příběhy známe i ze svého vlastního okolí.  |b Emilka přišla na svět za první republiky na dědině nedaleko Brna a odešla z něho, když se její země stala znovu svobodnou. Tento kraj nikdy neopustila a svůj život prožila ve 20. století plném událostí, jejichž důsledky ovlivnit neuměla. Přestože byl Emilčin život protkán radostmi i bolestmi obyčejného člověka, nikdy neztratila sílu jim statečně čelit. Nakladatelská anotace. Kráceno. 
655 7 |a české romány  |7 fd133974  |2 czenas 
655 9 |a Czech fiction  |2 eczenas 
900 |a ABA001  |b 19 
044 |a xr 
505 0 0 |t 01_-_predmluva (19 min., 42 sek.) 
505 0 0 |t 02_-_kapitola_01 (23 min., 59 sek.) 
505 0 0 |t 03_-_kapitola_02 (13 min., 50 sek.) 
505 0 0 |t 04_-_kapitola_03 (18 min., 55 sek.) 
505 0 0 |t 05_-_kapitola_04 (12 min., 31 sek.) 
505 0 0 |t 06_-_kapitola_05 (26 min., 19 sek.) 
505 0 0 |t 07_-_kapitola_06 (15 min., 17 sek.) 
505 0 0 |t 08_-_kapitola_07 (21 min., 2 sek.) 
505 0 0 |t 09_-_kapitola_08 (19 min., 54 sek.) 
505 0 0 |t 10_-_kapitola_09 (20 min., 31 sek.) 
505 0 0 |t 11_-_kapitola_10 (24 min., 38 sek.) 
505 0 0 |t 12_-_kapitola_11 (22 min., 7 sek.) 
505 0 0 |t 13_-_kapitola_12 (44 min., 11 sek.) 
505 0 0 |t 14_-_kapitola_13 (17 min., 24 sek.) 
505 0 0 |t 15_-_kapitola_14 (19 min., 44 sek.) 
505 0 0 |t 16_-_kapitola_15 (22 min., 9 sek.) 
505 0 0 |t 17_-_kapitola_16 (16 min., 38 sek.) 
505 0 0 |t 18_-_kapitola_17 (24 min., 26 sek.) 
505 0 0 |t 19_-_kapitola_18 (18 min., 25 sek.) 
505 0 0 |t 20_-_kapitola_19 (20 min., 33 sek.) 
505 0 0 |t 21_-_kapitola_20 (24 min., 48 sek.) 
505 0 0 |t 22_-_kapitola_21 (24 min., 57 sek.) 
505 0 0 |t 23_-_kapitola_22 (15 min., 39 sek.) 
505 0 0 |t 24_-_kapitola_23 (22 min., 43 sek.) 
505 0 0 |t 25_-_kapitola_24 (24 min., 37 sek.) 
505 0 0 |t 26_-_kapitola_25 (20 min., 30 sek.) 
505 0 0 |t 27_-_kapitola_26 (29 min., 28 sek.) 
505 0 0 |t 28_-_kapitola_27 (23 min., 3 sek.) 
505 0 0 |t 29_-_kapitola_28 (22 min., 50 sek.) 
505 0 0 |t 30_-_kapitola_29 (18 min., 20 sek.) 
505 0 0 |t 31_-_kapitola_30 (16 min., 37 sek.) 
505 0 0 |t 32_-_kapitola_31 (37 min., 4 sek.) 
505 0 0 |t 33_-_kapitola_32 (19 min., 15 sek.) 
505 0 0 |t 34_-_kapitola_33 (20 min., 12 sek.) 
505 0 0 |t 35_-_kapitola_34 (29 min., 56 sek.) 
505 0 0 |t 36_-_kapitola_35 (30 min., 27 sek.) 
505 0 0 |t 37_-_kapitola_36 (17 min., 21 sek.) 
505 0 0 |t 38_-_kapitola_37 (9 min., 26 sek.) 
505 0 0 |t 39_-_kapitola_38 (32 min., 36 sek.) 
505 0 0 |t 40_-_kapitola_39 (34 min., 29 sek.) 
505 0 0 |t 41_-_kapitola_40 (19 min., 23 sek.) 
505 0 0 |t 42_-_kapitola_41 (17 min., 3 sek.) 
505 0 0 |t 43_-_judita (19 min., 21 sek.) 
910 |a RBIT002 
998 |d 376060  |a https://core.palmknihy.cz/api/books/376060/cover?tcs30w  |b https://core.palmknihy.cz/api/books/376060/cover/400?tcs30w  |c https://core.palmknihy.cz/api/books/376060/cover/50?tcs30w  |e 2032-01-31  |i 9788076890008  |l 57140  |q 49  |r 1  |s https://www.palmknihy.cz/kniha/376060  |t audiobook  |y 2023  |z 0 
999 |d 297613